ნორმალური ფორმატი
MARC ფორმატი
ჩანაწერი Personal Name
ჩანაწერთა რაოდენობა, რომელიც გამოყენებულია: 1
001 - CONTROL NUMBER
- control field: 11555
003 - CONTROL NUMBER IDENTIFIER
- control field: GE_BSU
005 - DATE AND TIME OF LATEST TRANSACTION
- control field: 20210422144437.0
008 - FIXED-LENGTH DATA ELEMENTS
- fixed length control field: 210422|| aca||aabn | a|a d
040 ## - CATALOGING SOURCE
- Original cataloging agency: GE_BSU
- Transcribing agency: GE_BSU
100 ## - HEADING--PERSONAL NAME
- Personal name: აბუსელიძე, ფადიკო
670 ## - SOURCE DATA FOUND
- Source citation: Work cat.: (GE_BSU)51899: აბუსელიძე, ფადიკო, მცირე სიმძლავრიანი სათიბელების მოდერნიზაცია ახალი ტიპის მჭრელი აპარატის გამოყენებით /
